| 000 | 00810nam a2200217Ia 4500 | ||
|---|---|---|---|
| 003 | GCL | ||
| 008 | 140319s9999 xx 000 0 ara d | ||
| 040 |
_aGCL / _cGCL |
||
| 082 | 0 | 4 |
_a811.9 _bا م |
| 100 | 1 | _aايليا الحاوى | |
| 245 | 1 | 0 |
_aمعروف الرصافى الثائر والشاعر: الجزء الاول الشعر الوجدانى والوجودى / _cايليا الحاوى |
| 700 | 1 | _aمعروف الرصافى | |
| 260 |
_a[S.N] : _bدار الكتاب اللبنانى ، _c1981 |
||
| 300 | _a157 ص | ||
| 490 |
_aالشعر العربى المعاصر دراسة وتصميم _v0 |
||
| 650 | 0 | 4 | _aالشعر العربى |
| 650 | 0 | 4 | _aالادب العربى |
| 650 | 0 | 4 | _aالشعراء العرب - المهجر |
| 650 | 0 | 4 | _aمعروف الرصافى |
| 942 |
_2ddc _cBK |
||
| 999 |
_c30017 _d30017 |
||